Foreign places in Chinese based on Cantonese - Statistics

General Stats
  • This quiz has been taken 22 times
  • The average score is 6 of 13
Answer Stats
Mandarin Answer % Correct
Niuyue New York
95%
Huashengdun Washington
85%
Wotaihua Ottawa
65%
Wengehua Vancouver
65%
Xiyatu Seattle
50%
Xueli Sydney
50%
Zhijiage Chicago
45%
Ditelyu Detroit
45%
Shajiamianduo Sacramento
30%
Shidedun Stockton
20%
Beishi British Columbia
15%
Xianmeidun Hamilton
10%
Hefuxiandun Wolverhampton
5%
No matching quizzes found
Score Distribution
Percent of People with Each Score
Percentile by Number Answered
Your Score History
You have not taken this quiz